[Event "17. Europa ch Juvenil - Femenino s14"]
[Site "Sibenik CRO"]
[Date "2007.09.15"]
[Round "2.6"]
[White "Bochis, Julia"]
[Black "Kluchik, Julia"]
[Result "1/2-1/2"]
[WhiteElo "1936"]
[BlackElo "2049"]
[PlyCount "73"]
[EventDate "2007.09.14"]
[EventType "swiss"]
[EventRounds "9"]
[EventCountry "CRO"]
[Source "lmi"]
[SourceDate "2007.09.14"]

1. Nf3 Nf6 2. c4 e6 3. d4 c5 4. e3 b6 5. Nc3 Bb7 6. d5 d6 7. e4 Nbd7 8. Bf4 e5
9. Bg3 Be7 10. Bd3 Nf8 11. Nh4 Ng6 12. Nf5 Kf8 13. O-O h5 14. h3 h4 15. Bh2 Nh5
16. Ne2 Bg5 17. a3 Bf4 18. b4 Bc8 19. bxc5 bxc5 20. Rb1 Bxh2+ 21. Kxh2 Ngf4 22.
Rg1 g6 23. Ne3 Qd7 24. Nxf4 Nxf4 25. Ng4 Qe7 26. Ne3 Kg7 27. Bc2 Qg5 28. Qf3
Qh5 29. Bd1 Qg5 30. Ba4 Ba6 31. Bb5 Bxb5 32. Rxb5 Rab8 33. Rgb1 Rxb5 34. Rxb5
Qe7 35. Qd1 Rd8 36. Qb3 Ne2 37. Rb7 1/2-1/2

[Event "17. Europa ch Juvenil - Femenino s14"]
[Site "Sibenik CRO"]
[Date "2007.09.15"]
[Round "2.7"]
[White "Auvray, Juliette"]
[Black "Efremova, Daria"]
[Result "0-1"]
[WhiteElo "1906"]
[BlackElo "2033"]
[PlyCount "77"]
[EventDate "2007.09.14"]
[EventType "swiss"]
[EventRounds "9"]
[EventCountry "CRO"]
[Source "lmi"]
[SourceDate "2007.09.14"]

1. e4 e6 2. d4 d5 3. e5 c5 4. c3 Nc6 5. Nf3 Qb6 6. a3 Nh6 7. b4 cxd4 8. cxd4
Nf5 9. Be3 f6 10. exf6 gxf6 11. Bd3 Nxe3 12. fxe3 Bd7 13. Nc3 Nxb4 14. axb4
Bxb4 15. Rc1 Rc8 16. Kd2 Qa5 17. Qb3 Rg8 18. g3 Ba4 19. Qb2 Rg7 20. Ng1 Rgc7
21. Nge2 e5 22. Bf5 Bd7 23. Bxd7+ Kxd7 24. Rc2 Qb5 25. Rb1 a5 26. Qb3 Rc4 27.
Kd1 Qc6 28. Rbc1 b5 29. Na2 Bd6 30. dxe5 fxe5 31. Qd3 e4 32. Qd2 Ba3 33. Rxc4
bxc4 34. Rb1 Bc5 35. Nd4 Bxd4 36. exd4 c3 37. Qc2 Qc4 38. Rb7+ Ke8 39. Rxh7 0-1

[Event "17. Europa ch Juvenil - Femenino s14"]
[Site "Sibenik CRO"]
[Date "2007.09.15"]
[Round "2.8"]
[White "Nikologorskaya, Tatiana"]
[Black "Zakoscielna, Kinga"]
[Result "0-1"]
[WhiteElo "1890"]
[BlackElo "2020"]
[PlyCount "120"]
[EventDate "2007.09.14"]
[EventType "swiss"]
[EventRounds "9"]
[EventCountry "CRO"]
[Source "lmi"]
[SourceDate "2007.09.14"]

1. c4 e5 2. Nc3 Nf6 3. g3 d5 4. cxd5 Nxd5 5. Bg2 Nb6 6. Nf3 Nc6 7. O-O Be7 8.
d3 O-O 9. a3 a5 10. b3 f5 11. Bb2 Be6 12. Nb5 Bf6 13. Rc1 Qd7 14. Qc2 Rac8 15.
Rfd1 Qd5 16. Nfd4 Qd7 17. Nxc6 bxc6 18. Na7 Ra8 19. Bxc6 Qf7 20. Bxa8 Bxb3 21.
Qxc7 Qxc7 22. Rxc7 Nxa8 23. Rdc1 Nxc7 24. Rxc7 Bd1 25. Kf1 Rb8 26. Bc1 Bd8 27.
Rc8 Rxc8 28. Nxc8 Kf7 29. Nd6+ Ke6 30. Nc4 Bb3 31. Ke1 g5 32. Bb2 Bc7 33. Kd2
f4 34. Kc1 Bxc4 35. dxc4 Bb6 36. f3 Bg1 37. gxf4 Bxh2 38. fxg5 Bf4+ 39. Kc2
Bxg5 40. Bc3 a4 41. Be1 h5 42. Bf2 h4 43. Kc3 h3 44. Bg1 Be7 45. Kb2 Bc5 46.
Bh2 Kf5 47. e4+ Ke6 48. Ka2 Bd4 49. Kb1 Kd6 50. Kc2 Kc5 51. Kd3 Bb2 52. Bg1+
Kd6 53. Bh2 Bxa3 54. f4 exf4 55. Bxf4+ Ke6 56. Bh2 Bd6 57. Bg1 h2 58. Bxh2 Bxh2
59. Kc3 Bd6 60. Kb2 Ke5 0-1

[Event "17. Europa ch Juvenil - Femenino s14"]
[Site "Sibenik CRO"]
[Date "2007.09.15"]
[Round "2.9"]
[White "Sokolova, Vera"]
[Black "Trifonova, Sandra"]
[Result "1/2-1/2"]
[WhiteElo "2009"]
[BlackElo "1889"]
[PlyCount "71"]
[EventDate "2007.09.14"]
[EventType "swiss"]
[EventRounds "9"]
[EventCountry "CRO"]
[Source "lmi"]
[SourceDate "2007.09.14"]

1. e4 c6 2. d4 d5 3. exd5 cxd5 4. c4 Nf6 5. Nc3 g6 6. Qb3 Nbd7 7. Bf4 Bg7 8.
Nf3 O-O 9. cxd5 Nb6 10. Bc4 Bf5 11. Ne5 Rc8 12. Rd1 Nxc4 13. Nxc4 Nxd5 14. Nxd5
Qxd5 15. Ne3 Qa5+ 16. Kf1 Qa6+ 17. Kg1 Bd7 18. Qb4 Qxa2 19. h3 Ba4 20. Rd2 Rfd8
21. Qxb7 Bc6 22. Qb4 a5 23. Qb6 Qb1+ 24. Kh2 Qe4 25. Bg3 Bxd4 26. Qxa5 Rd7 27.
Rg1 Bxe3 28. Rxd7 Bxd7 29. fxe3 Bc6 30. Qe5 Rd8 31. b4 Rd2 32. Qxe4 Bxe4 33.
Be5 f6 34. Bd4 e5 35. Bc5 Rb2 36. h4 1/2-1/2

[Event "17. Europa ch Juvenil - Femenino s14"]
[Site "Sibenik CRO"]
[Date "2007.09.15"]
[Round "2.10"]
[White "Lefevre, Margaux"]
[Black "Adamowicz, Katarzyna"]
[Result "0-1"]
[WhiteElo "1889"]
[BlackElo "2007"]
[PlyCount "60"]
[EventDate "2007.09.14"]
[EventType "swiss"]
[EventRounds "9"]
[EventCountry "CRO"]
[Source "lmi"]
[SourceDate "2007.09.14"]

1. e4 e5 2. Nf3 Nc6 3. d4 exd4 4. Nxd4 Nf6 5. Nxc6 bxc6 6. e5 Qe7 7. Qe2 Nd5 8.
c4 Ba6 9. b3 g6 10. g3 Bg7 11. Bb2 O-O 12. Nd2 Rfe8 13. Nf3 f6 14. Qd2 Nb6 15.
c5 Bxf1 16. Kxf1 Nd5 17. exf6 Bxf6 18. Bxf6 Qxf6 19. Kg2 Rf8 20. Nd4 Qe7 21.
Qc2 Qe5 22. Qd3 Qg5 23. Qc4 Qd2 24. Nf3 Rxf3 25. Kxf3 Rf8+ 26. Kg4 Rxf2 27.
Rad1 h5+ 28. Kh3 Qg5 29. Qe4 Nf4+ 30. Qxf4 Rxf4 0-1

[Event "17. Europa ch Juvenil - Femenino s14"]
[Site "Sibenik CRO"]
[Date "2007.09.15"]
[Round "2.11"]
[White "Vince, Andrea"]
[Black "Miturova, Magdalena"]
[Result "1/2-1/2"]
[WhiteElo "1990"]
[BlackElo "1879"]
[PlyCount "91"]
[EventDate "2007.09.14"]
[EventType "swiss"]
[EventRounds "9"]
[EventCountry "CRO"]
[Source "lmi"]
[SourceDate "2007.09.14"]

1. d4 Nf6 2. c4 g6 3. Nc3 Bg7 4. e4 d6 5. Be2 O-O 6. Nf3 e5 7. d5 a5 8. Bg5 h6
9. Bh4 Na6 10. Nd2 Qe8 11. a3 Bd7 12. b3 Nh7 13. f3 h5 14. Bf2 Bh6 15. Rb1 Qe7
16. Nf1 h4 17. Ne3 Bf4 18. g3 Bh6 19. g4 Kh8 20. Qc2 Ng5 21. h3 Nh7 22. Ng2 Bg5
23. O-O f5 24. b4 axb4 25. axb4 fxg4 26. fxg4 Rf7 27. Nd1 Rb8 28. c5 Qd8 29. c6
Bc8 30. b5 Nc5 31. Bxc5 Rxf1+ 32. Bxf1 dxc5 33. Qxc5 Ra8 34. Qc3 Bf6 35. Nf2
Ng5 36. Rd1 Qd6 37. Rb1 Ra3 38. Rb3 Rxb3 39. Qxb3 Qc5 40. Qe3 Be7 41. Kh1 bxc6
42. dxc6 Qxe3 43. Nxe3 Bc5 44. Ned1 Bd4 45. Kg2 Be6 46. Be2 1/2-1/2

[Event "17. Europa ch Juvenil - Femenino s14"]
[Site "Sibenik CRO"]
[Date "2007.09.15"]
[Round "2.12"]
[White "Vombek, Sara"]
[Black "Pavlidou, Ekaterini"]
[Result "1-0"]
[WhiteElo "1873"]
[BlackElo "1984"]
[PlyCount "99"]
[EventDate "2007.09.14"]
[EventType "swiss"]
[EventRounds "9"]
[EventCountry "CRO"]
[Source "lmi"]
[SourceDate "2007.09.14"]

1. e4 c5 2. Nf3 Nc6 3. d4 cxd4 4. Nxd4 Nf6 5. Nc3 e5 6. Ndb5 d6 7. Bg5 a6 8.
Na3 b5 9. Nd5 Be7 10. Bxf6 Bxf6 11. c3 O-O 12. Nc2 Bg5 13. a4 bxa4 14. Rxa4 a5
15. Bc4 Rb8 16. Ra2 Kh8 17. Nce3 Bxe3 18. Nxe3 Ne7 19. O-O f5 20. exf5 Bxf5 21.
b3 Be4 22. Rd2 Rf6 23. Re1 Qf8 24. Ng4 Rf4 25. Rxd6 Nf5 26. Rd2 Nh4 27. Nxe5
Bxg2 28. Nf7+ Rxf7 29. Bxf7 Bf3 30. Qb1 Qxf7 31. Qd3 h6 32. Qd6 Rf8 33. Qg3 Qg6
34. Rd6 Qxg3+ 35. hxg3 Nf5 36. Ra6 Rc8 37. Rxa5 g6 38. Ra7 Kg8 39. Re6 Rd8 40.
Rxg6+ Kh8 41. Ra1 Rd3 42. g4 Nd6 43. Rxh6+ Kg7 44. Re6 Ne4 45. Rb6 Rd7 46. Re6
Kf7 47. Re5 Kg7 48. Re1 Nxc3 49. R5e3 Ne2+ 50. R3xe2 1-0

[Event "17. Europa ch Juvenil - Femenino s14"]
[Site "Sibenik CRO"]
[Date "2007.09.15"]
[Round "2.15"]
[White "Bulmaga, Irina"]
[Black "Miladinovic, Lena"]
[Result "1-0"]
[WhiteElo "2158"]
[BlackElo "1815"]
[PlyCount "93"]
[EventDate "2007.09.14"]
[EventType "swiss"]
[EventRounds "9"]
[EventCountry "CRO"]
[Source "lmi"]
[SourceDate "2007.09.14"]

1. e4 c5 2. Nf3 Nc6 3. Bb5 d6 4. Bxc6+ bxc6 5. e5 Bg4 6. O-O dxe5 7. h3 Bxf3 8.
Qxf3 Qd5 9. Qe2 Nf6 10. Nc3 Qe6 11. d3 g6 12. Be3 Nd7 13. Ne4 Bg7 14. Nxc5 Nxc5
15. Bxc5 O-O 16. a4 f5 17. Rfe1 Qd7 18. Rab1 Rac8 19. a5 Rc7 20. Rbd1 Qd5 21.
b4 f4 22. f3 Bf6 23. Qf2 Qd7 24. d4 exd4 25. Bxd4 Rd8 26. Bxf6 Qxd1 27. Be5 Qd7
28. Bxc7 Qxc7 29. Qc5 Rd7 30. Re6 Rd6 31. Re4 e6 32. Qc4 Kg7 33. Kh2 Qd7 34.
Rxf4 e5 35. Re4 Rd4 36. Qe2 Rxe4 37. Qxe4 Kf6 38. c4 Qd6 39. c5 Qc7 40. Qh4+
Kg7 41. Qe4 Kf6 42. g4 Qd7 43. Kg3 h5 44. g5+ Kxg5 45. Qxe5+ Kh6 46. Qh8+ Kg5
47. f4+ 1-0

[Event "17. Europa ch Juvenil - Femenino s14"]
[Site "Sibenik CRO"]
[Date "2007.09.15"]
[Round "2.17"]
[White "Butuc, Maria"]
[Black "Juciute, Henrieta"]
[Result "1-0"]
[WhiteElo "2082"]
[BlackElo "1863"]
[PlyCount "107"]
[EventDate "2007.09.14"]
[EventType "swiss"]
[EventRounds "9"]
[EventCountry "CRO"]
[Source "lmi"]
[SourceDate "2007.09.14"]

1. Nf3 Nf6 2. c4 e6 3. Nc3 Bb4 4. Qc2 b6 5. g3 Bb7 6. Bg2 Ng4 7. a3 Bc5 8. O-O
Nc6 9. b4 Nd4 10. Nxd4 Bxg2 11. Kxg2 Bxd4 12. h3 Nh6 13. Bb2 f5 14. e3 Bf6 15.
Ne2 O-O 16. Bxf6 Qxf6 17. f4 e5 18. fxe5 Qxe5 19. Qc3 Qe4+ 20. Kh2 Nf7 21. Rf4
Qe5 22. Raf1 g6 23. Qb3 Kg7 24. Rd4 d6 25. Rd5 Qe7 26. Qc3+ Kg8 27. Rd4 Ng5 28.
Rdf4 Ne4 29. Qd4 Qe5 30. d3 g5 31. Qxe5 dxe5 32. Rxf5 Nd2 33. Rxf8+ Rxf8 34.
Rxf8+ Kxf8 35. Kg2 Kf7 36. Nc3 Ke6 37. Kf2 Nb3 38. Ke2 a5 39. Kd1 axb4 40. axb4
c5 41. Kc2 cxb4 42. Kxb3 bxc3 43. Kxc3 Kd6 44. Kb4 Kc6 45. d4 exd4 46. exd4 h5
47. c5 bxc5+ 48. dxc5 h4 49. g4 Kc7 50. Kc4 Kc6 51. Kd4 Kc7 52. Ke5 Kc6 53. Kf5
Kxc5 54. Kxg5 1-0

[Event "17. Europa ch Juvenil - Femenino s14"]
[Site "Sibenik CRO"]
[Date "2007.09.15"]
[Round "2.18"]
[White "Baciu, Diana"]
[Black "Lisac, Tihana"]
[Result "1-0"]
[WhiteElo "2048"]
[BlackElo "1769"]
[PlyCount "73"]
[EventDate "2007.09.14"]
[EventType "swiss"]
[EventRounds "9"]
[EventCountry "CRO"]
[Source "lmi"]
[SourceDate "2007.09.14"]

1. e4 c5 2. d3 d6 3. f4 g6 4. Nf3 Bg7 5. g3 Nc6 6. Bg2 e6 7. O-O Nge7 8. c3 O-O
9. Be3 Rb8 10. Re1 b5 11. d4 cxd4 12. cxd4 d5 13. e5 Nf5 14. Bf2 h5 15. Nbd2
Qb6 16. Nb3 Rd8 17. h3 Bf8 18. g4 Ng7 19. Bh4 Be7 20. Bxe7 Nxe7 21. Qd2 Kh7 22.
Ng5+ Kg8 23. Bf3 Rf8 24. Qe2 Nc6 25. Rad1 f6 26. exf6 Rxf6 27. Qe3 Qc7 28. Rc1
Bd7 29. Nc5 Rbf8 30. Nd3 Qd6 31. Rc5 a6 32. Rec1 Rc8 33. Ne5 Ne7 34. Nxd7 Qxd7
35. Rxc8+ Nxc8 36. Qe5 Qd8 37. Rxc8 1-0

[Event "17. Europa ch Juvenil - Femenino s14"]
[Site "Sibenik CRO"]
[Date "2007.09.15"]
[Round "2.19"]
[White "Stetsko, Lanita"]
[Black "Barbageorgopoulou, Fani"]
[Result "1/2-1/2"]
[WhiteElo "2029"]
[BlackElo "1792"]
[PlyCount "86"]
[EventDate "2007.09.14"]
[EventType "swiss"]
[EventRounds "9"]
[EventCountry "CRO"]
[Source "lmi"]
[SourceDate "2007.09.14"]

1. e4 c5 2. Nf3 d6 3. d4 cxd4 4. Nxd4 Nf6 5. Nc3 a6 6. Be3 e5 7. Nf3 Be6 8. Ng5
b5 9. Nxe6 fxe6 10. g3 Be7 11. Bh3 d5 12. exd5 exd5 13. Bg2 e4 14. Bg5 Nbd7 15.
Nxd5 Nxd5 16. Qxd5 Bxg5 17. Qxe4+ Qe7 18. Qxe7+ Kxe7 19. Bxa8 Rxa8 20. f4 Bf6
21. O-O-O Nc5 22. Rhe1+ Kf7 23. g4 h6 24. Rd5 Na4 25. c3 Rc8 26. g5 hxg5 27.
fxg5 Bd8 28. h4 Nb6 29. Rd4 Bc7 30. h5 Rh8 31. Rde4 Nd5 32. Rf1+ Bf4+ 33.
Rfxf4+ Nxf4 34. Rxf4+ Ke6 35. h6 Rh7 36. hxg7 Rxg7 37. Rf6+ Ke7 38. Rxa6 Rxg5
39. Kc2 Kd7 40. Kb3 Kc7 41. Kb4 Kb7 42. Ra5 Kb6 43. c4 Rg2 1/2-1/2

[Event "17. Europa ch Juvenil - Femenino s14"]
[Site "Sibenik CRO"]
[Date "2007.09.15"]
[Round "2.20"]
[White "Kolaric, Spela"]
[Black "Bazhenova, Dina"]
[Result "1-0"]
[WhiteElo "1827"]
[BlackElo "1910"]
[PlyCount "111"]
[EventDate "2007.09.14"]
[EventType "swiss"]
[EventRounds "9"]
[EventCountry "CRO"]
[Source "lmi"]
[SourceDate "2007.09.14"]

1. e4 c5 2. Nf3 Nc6 3. d4 cxd4 4. Nxd4 Nf6 5. Nc3 e5 6. Ndb5 d6 7. Bg5 a6 8.
Na3 b5 9. Nd5 Be7 10. Bxf6 Bxf6 11. c4 b4 12. Nc2 a5 13. Be2 O-O 14. O-O Be6
15. b3 Bg5 16. Qd3 f5 17. Nde3 f4 18. Nd5 Ne7 19. Nxe7+ Qxe7 20. Rfd1 Rfd8 21.
a3 bxa3 22. Rxa3 Qc7 23. Rda1 Rdc8 24. Qd2 h6 25. Bf3 Bd8 26. Ne1 Qc6 27. Nd3
Rab8 28. Nb2 Rb7 29. Na4 Rcb8 30. Qc2 Rb4 31. Nc3 Qc5 32. Bd1 Rc8 33. Qd2 Rb7
34. Nb5 Rd7 35. Bf3 Bb6 36. Nc3 Qc6 37. Nb5 Qc5 38. Nc3 Qb4 39. Nb1 Qc5 40. Nc3
Qb4 41. Nb1 Qc5 42. Nc3 Qc6 43. Nb5 Rf8 44. Rd1 Kh7 45. Ra2 Rg8 46. Qd3 g5 47.
g3 Qc5 48. Nc3 Qc6 49. Nd5 Rf8 50. g4 Kg7 51. Nxb6 Qxb6 52. Qc3 Rb8 53. Rd3 Ra7
54. Rad2 Rd7 55. Rxd6 Rxd6 56. Qxe5+ 1-0

[Event "17. Europa ch Juvenil - Femenino s14"]
[Site "Sibenik CRO"]
[Date "2007.09.16"]
[Round "3.1"]
[White "Paikidze, Nazi"]
[Black "Zakoscielna, Kinga"]
[Result "1-0"]
[WhiteElo "2230"]
[BlackElo "2020"]
[PlyCount "93"]
[EventDate "2007.09.14"]
[EventType "swiss"]
[EventRounds "9"]
[EventCountry "CRO"]
[Source "lmi"]
[SourceDate "2007.09.14"]

1. d4 Nf6 2. c4 e6 3. Nf3 Bb4+ 4. Bd2 Qe7 5. a3 Bxd2+ 6. Nbxd2 d5 7. e3 O-O 8.
Bd3 Nbd7 9. O-O c5 10. Re1 e5 11. Nxe5 Nxe5 12. dxe5 Qxe5 13. Qc2 dxc4 14. Nxc4
Qe7 15. e4 h6 16. Rad1 b5 17. e5 bxc4 18. exf6 Qxf6 19. Qxc4 Be6 20. Qxc5 Qxb2
21. Rb1 Qd2 22. Be4 Rfc8 23. Qe5 Rab8 24. h4 Rxb1 25. Rxb1 Qc3 26. Qxc3 Rxc3
27. Rb8+ Rc8 28. Rb7 f5 29. Re7 Rc1+ 30. Kh2 Rc4 31. Rxe6 fxe4 32. Ra6 e3 33.
fxe3 Rxh4+ 34. Kg3 Re4 35. Kf3 Re7 36. e4 Kf7 37. Kf4 g6 38. e5 Kg7 39. Ke4 Kf7
40. Kd5 Rd7+ 41. Rd6 Re7 42. Rf6+ Kg7 43. Rf3 Rf7 44. Rxf7+ Kxf7 45. Kd6 Ke8
46. Ke6 g5 47. g4 1-0

[Event "17. Europa ch Juvenil - Femenino s14"]
[Site "Sibenik CRO"]
[Date "2007.09.16"]
[Round "3.2"]
[White "Soloviova, Liza"]
[Black "Adamowicz, Katarzyna"]
[Result "1/2-1/2"]
[WhiteElo "2098"]
[BlackElo "2007"]
[PlyCount "98"]
[EventDate "2007.09.14"]
[EventType "swiss"]
[EventRounds "9"]
[EventCountry "CRO"]
[Source "lmi"]
[SourceDate "2007.09.14"]

1. d4 d5 2. c4 e6 3. Nc3 Nf6 4. Bg5 Be7 5. e3 Nbd7 6. Nf3 c6 7. cxd5 exd5 8.
Bd3 O-O 9. O-O Re8 10. Rb1 a5 11. Rc1 Nf8 12. Qb3 Ne4 13. Bxe7 Qxe7 14. Bxe4
dxe4 15. Nd2 Bf5 16. Na4 Ng6 17. Rc5 Nh4 18. f4 exf3 19. Nxf3 Nxf3+ 20. Rxf3 g6
21. Nc3 Kg7 22. Qc4 b5 23. Qf1 b4 24. Na4 Be4 25. Rg3 Qc7 26. Rc1 Bd5 27. b3
Re7 28. Qf2 Rae8 29. Rf1 Qd6 30. Nc5 Rf8 31. Rh3 h6 32. Qh4 g5 33. Qf2 Be4 34.
Rg3 Qg6 35. Nxe4 Rxe4 36. Rf3 Re6 37. Rf5 f6 38. Rxa5 Qd3 39. Re5 Rxe5 40. dxe5
f5 41. Qf3 Qc3 42. Qg3 Qc5 43. e6 f4 44. Qf2 fxe3 45. Qxf8+ Qxf8 46. Rxf8 Kxf8
47. Kf1 Ke7 48. Ke2 Kxe6 49. Kxe3 Ke5 1/2-1/2

[Event "17. Europa ch Juvenil - Femenino s14"]
[Site "Sibenik CRO"]
[Date "2007.09.16"]
[Round "3.3"]
[White "Trapeznikova, Darya"]
[Black "Arabidze, Meri"]
[Result "1-0"]
[WhiteElo "1959"]
[BlackElo "2095"]
[PlyCount "141"]
[EventDate "2007.09.14"]
[EventType "swiss"]
[EventRounds "9"]
[EventCountry "CRO"]
[Source "lmi"]
[SourceDate "2007.09.14"]

1. d4 Nf6 2. c4 e6 3. Nc3 Bb4 4. e3 c5 5. Nf3 Nc6 6. Bd3 Bxc3+ 7. bxc3 d6 8.
O-O e5 9. Nd2 O-O 10. d5 Ne7 11. e4 Ng6 12. Bc2 h6 13. Kh1 Nh7 14. g3 Bh3 15.
Re1 Qf6 16. Qe2 Ng5 17. Rb1 Rab8 18. Bd1 Kh7 19. Nf3 Nxf3 20. Qxf3 Qxf3+ 21.
Bxf3 f5 22. Kg1 f4 23. Bh5 b6 24. a4 Bd7 25. Ra1 a5 26. Kg2 Rf6 27. f3 Bc8 28.
Rb1 Ba6 29. Re2 Bxc4 30. Reb2 b5 31. axb5 a4 32. Bg4 Nf8 33. b6 Bb3 34. Rxb3
axb3 35. Rxb3 fxg3 36. hxg3 Rf7 37. f4 Rfb7 38. fxe5 dxe5 39. Be3 Rxb6 40. Rxb6
Rxb6 41. Bxc5 Rb2+ 42. Kf3 Kg8 43. Bd6 Kf7 44. Bxe5 Rb5 45. Ke3 g6 46. Kd4 h5
47. Bc8 Ke7 48. c4 Rb1 49. Bc7 Nd7 50. Bxd7 Kxd7 51. Bf4 Rd1+ 52. Kc5 Rd3 53.
e5 g5 54. e6+ Ke8 55. Bc7 Re3 56. Kc6 h4 57. gxh4 gxh4 58. c5 h3 59. Kb7 Ke7
60. Bd6+ Ke8 61. c6 Rb3+ 62. Ka6 Kd8 63. e7+ Ke8 64. c7 Rc3 65. Kb7 h2 66. Bxh2
Rb3+ 67. Kc6 Rc3+ 68. Kd6 Rc2 69. Be5 Rc1 70. Bd4 Rc2 71. Bc5 1-0

[Event "17. Europa ch Juvenil - Femenino s14"]
[Site "Sibenik CRO"]
[Date "2007.09.16"]
[Round "3.5"]
[White "Efremova, Daria"]
[Black "Vombek, Sara"]
[Result "1/2-1/2"]
[WhiteElo "2033"]
[BlackElo "1873"]
[PlyCount "57"]
[EventDate "2007.09.14"]
[EventType "swiss"]
[EventRounds "9"]
[EventCountry "CRO"]
[Source "lmi"]
[SourceDate "2007.09.14"]

1. e4 c5 2. Nf3 d6 3. d4 cxd4 4. Nxd4 Nf6 5. Nc3 a6 6. f3 e5 7. Nb3 Be6 8. Be3
Be7 9. Qd2 O-O 10. g4 Qc7 11. O-O-O Rc8 12. g5 Nh5 13. Nd5 Bxd5 14. exd5 a5 15.
a3 a4 16. Na1 Nd7 17. f4 Nxf4 18. Bxf4 exf4 19. Qxf4 Ne5 20. h4 Ra5 21. Bd3
Nxd3+ 22. Rxd3 Qc4 23. Qf5 Rf8 24. Kb1 Qc8 25. Qe4 Qd7 26. Re1 Bd8 27. c3 Bb6
28. Nc2 Raa8 29. Qf4 1/2-1/2

[Event "17. Europa ch Juvenil - Femenino s14"]
[Site "Sibenik CRO"]
[Date "2007.09.16"]
[Round "3.6"]
[White "Bluebaum, Johanna"]
[Black "Bulmaga, Irina"]
[Result "0-1"]
[WhiteElo "1946"]
[BlackElo "2158"]
[PlyCount "74"]
[EventDate "2007.09.14"]
[EventType "swiss"]
[EventRounds "9"]
[EventCountry "CRO"]
[Source "lmi"]
[SourceDate "2007.09.14"]

1. d4 Nf6 2. c4 c5 3. d5 e5 4. Nc3 d6 5. e4 Be7 6. h3 Nbd7 7. Nf3 a6 8. Bd3 Rb8
9. a4 O-O 10. a5 Nh5 11. Ne2 b6 12. g4 Nf4 13. Nxf4 exf4 14. Bxf4 bxa5 15. Qd2
Rb4 16. O-O Nb6 17. Qc2 h5 18. Nh2 Bf6 19. Ra2 Bd7 20. Bxd6 Ba4 21. Rxa4 Rxb2
22. Qxb2 Bxb2 23. Ra2 Qxd6 24. Rxb2 Nd7 25. f4 a4 26. Nf3 Qxf4 27. Kg2 hxg4 28.
hxg4 Qxg4+ 29. Kf2 Qf4 30. Ke2 a3 31. Ra2 Rb8 32. Nd2 Qg4+ 33. Ke3 Ne5 34. Rxa3
Qg5+ 35. Ke2 Rb2 36. Rd1 Qg2+ 37. Ke3 Rxd2 0-1

[Event "17. Europa ch Juvenil - Femenino s14"]
[Site "Sibenik CRO"]
[Date "2007.09.16"]
[Round "3.7"]
[White "Trifonova, Sandra"]
[Black "Butuc, Maria"]
[Result "0-1"]
[WhiteElo "1889"]
[BlackElo "2082"]
[PlyCount "104"]
[EventDate "2007.09.14"]
[EventType "swiss"]
[EventRounds "9"]
[EventCountry "CRO"]
[Source "lmi"]
[SourceDate "2007.09.14"]

1. d4 d5 2. Nf3 Nf6 3. c4 c6 4. Nc3 dxc4 5. a4 Bf5 6. e3 e6 7. Bxc4 Bb4 8. O-O
Nbd7 9. Qe2 O-O 10. Rd1 Qc7 11. e4 Bg6 12. e5 Nd5 13. Nxd5 cxd5 14. Bd3 Rac8
15. Bxg6 hxg6 16. Ng5 Qc2 17. Qg4 Be7 18. h4 Qf5 19. Qg3 Rc2 20. b4 f6 21. exf6
Nxf6 22. f3 Bxb4 23. Qe5 Re8 24. Ba3 Bxa3 25. Rxa3 Qxe5 26. dxe5 Nd7 27. Rb3 b6
28. a5 Rc6 29. Rdb1 Kf8 30. f4 Ke7 31. axb6 axb6 32. Ra1 Rf8 33. Nh3 Rfc8 34.
Ra7 R6c7 35. Ra6 Nc5 36. Rbxb6 Nxa6 37. Rxa6 Rc6 38. Ra7+ R6c7 39. Ra6 Rc1+ 40.
Kh2 R1c6 41. Ra7+ R8c7 42. Ra8 Rd7 43. Ng5 d4 44. Ne4 d3 45. Nd6 Rcxd6 46.
exd6+ Kxd6 47. Ra1 Kc5 48. Kg3 d2 49. Rd1 Kc4 50. Kf2 Kd3 51. Kf3 Kc2 52. Ke2
Rd4 0-1

[Event "17. Europa ch Juvenil - Femenino s14"]
[Site "Sibenik CRO"]
[Date "2007.09.16"]
[Round "3.8"]
[White "Tjolsen, Katrine"]
[Black "Bochis, Julia"]
[Result "1/2-1/2"]
[WhiteElo "2081"]
[BlackElo "1936"]
[PlyCount "201"]
[EventDate "2007.09.14"]
[EventType "swiss"]
[EventRounds "9"]
[EventCountry "CRO"]
[Source "lmi"]
[SourceDate "2007.09.14"]

1. Nf3 c5 2. c4 b6 3. g3 Bb7 4. Bg2 Nf6 5. O-O e6 6. Nc3 a6 7. Re1 Qc7 8. e4 d6
9. d4 cxd4 10. Nxd4 Be7 11. Be3 O-O 12. Rc1 Nbd7 13. f4 Rac8 14. f5 e5 15. Nb3
Nc5 16. Nxc5 dxc5 17. g4 Rfd8 18. Nd5 Bxd5 19. exd5 Ne8 20. g5 Nd6 21. g6 Bf6
22. gxh7+ Kxh7 23. Qh5+ Kg8 24. Bf2 Qd7 25. Bh3 Re8 26. Rc2 b5 27. b3 bxc4 28.
bxc4 Qa4 29. Rec1 Re7 30. Bh4 Bxh4 31. Qxh4 f6 32. Rg2 Rf8 33. Kh1 Qa3 34. Rcg1
Qf3 35. Bg4 Qf4 36. Qh3 Ne4 37. Bh5 Ng5 38. Qg4 Qxg4 39. Bxg4 Nf7 40. Rb1 Nd6
41. Rc2 Rb7 42. Rxb7 Nxb7 43. Rb2 Nd6 44. Rb6 Nxc4 45. Rc6 Ne3 46. Be2 Nxf5 47.
Rxa6 Nd4 48. Bc4 Rd8 49. Ra7 Kf8 50. Kg2 f5 51. h4 Nc2 52. Kf3 Nb4 53. d6 Rxd6
54. Rf7+ Ke8 55. Rxf5 Nc6 56. Bb5 Kd7 57. Rxe5 Kd8 58. Rxc5 Nd4+ 59. Kf4 Nxb5
60. Rxb5 Ra6 61. Ke5 Rxa2 62. Ke6 Re2+ 63. Kf7 Re7+ 64. Kf8 Re4 65. h5 Rg4 66.
Rd5+ Kc7 67. Ra5 Kc8 68. Re5 Kd7 69. Re7+ Kd8 70. Rxg7 Rf4+ 71. Rf7 Rh4 72. Rf5
Kd7 73. Kf7 Rh1 74. Kg7 Rg1+ 75. Kf6 Rh1 76. Kg6 Ke6 77. Rf6+ Ke7 78. Ra6 Rg1+
79. Kh7 Rg5 80. h6 Kf7 81. Ra7+ Kf8 82. Rg7 Rf5 83. Kg6 Rf1 84. Ra7 Rg1+ 85.
Kf6 Rf1+ 86. Kg6 Rg1+ 87. Kh7 Rg2 88. Ra1 Kf7 89. Ra7+ Kf8 90. Ra3 Kf7 91. Rf3+
Ke7 92. Rf4 Rg3 93. Rf5 Ke6 94. Rf8 Ke7 95. Rg8 Rh3 96. Rg4 Kf7 97. Rg7+ Kf8
98. Ra7 Rg3 99. Ra8+ Kf7 100. Kh8 Rg6 101. Ra7+ 1/2-1/2

[Event "17. Europa ch Juvenil - Femenino s14"]
[Site "Sibenik CRO"]
[Date "2007.09.16"]
[Round "3.9"]
[White "Kluchik, Julia"]
[Black "Nesic, Dragana"]
[Result "1/2-1/2"]
[WhiteElo "2049"]
[BlackElo "1891"]
[PlyCount "37"]
[EventDate "2007.09.14"]
[EventType "swiss"]
[EventRounds "9"]
[EventCountry "CRO"]
[Source "lmi"]
[SourceDate "2007.09.14"]

1. e4 d5 2. exd5 Qxd5 3. Nc3 Qa5 4. d4 c6 5. Bc4 Nf6 6. Nf3 Bf5 7. Qe2 e6 8.
Bd2 Bb4 9. a3 Nbd7 10. O-O Bxc3 11. Bxc3 Qc7 12. a4 Nd5 13. Bxd5 cxd5 14. Nh4
Bg6 15. f4 Be4 16. f5 O-O 17. fxe6 fxe6 18. Qg4 Qd6 19. Qe2 1/2-1/2

[Event "17. Europa ch Juvenil - Femenino s14"]
[Site "Sibenik CRO"]
[Date "2007.09.16"]
[Round "3.10"]
[White "Miturova, Magdalena"]
[Black "Baciu, Diana"]
[Result "0-1"]
[WhiteElo "1879"]
[BlackElo "2048"]
[PlyCount "92"]
[EventDate "2007.09.14"]
[EventType "swiss"]
[EventRounds "9"]
[EventCountry "CRO"]
[Source "lmi"]
[SourceDate "2007.09.14"]

1. e4 c5 2. Nf3 e6 3. d4 cxd4 4. Nxd4 Nf6 5. Nc3 Nc6 6. Ndb5 Bb4 7. a3 Bxc3+ 8.
Nxc3 d5 9. exd5 exd5 10. Bd3 O-O 11. O-O d4 12. Ne2 Re8 13. Bg5 h6 14. Bh4 g5
15. Bg3 Ne4 16. f3 Nc5 17. Bf2 Qf6 18. Bb5 d3 19. Ng3 Ne6 20. Bxd3 Qxb2 21. Rb1
Qxa3 22. Re1 Qf8 23. Qe2 Ng7 24. Qd2 Rxe1+ 25. Qxe1 f5 26. Qc3 Qf7 27. Ne2 Be6
28. h4 a5 29. hxg5 hxg5 30. Nd4 Bd5 31. Nb5 Nb4 32. Bd4 Nxd3 33. cxd3 Ne6 34.
Be5 g4 35. Kf2 Qh5 36. Qa1 Qg5 37. Qb2 Qh5 38. Qa1 Qg5 39. Qb2 Nc5 40. Qc2 Rc8
41. Qe2 f4 42. Bd4 Qh4+ 43. Kf1 Qh1+ 44. Bg1 gxf3 45. gxf3 Bxf3 46. Qc2 Qh3+
0-1